000 00243nam a22000977a 4500
008 240831b |||||||| |||| 00| 0 eng d
020 _a9789350122532
100 _aKumar Alok
_97795
245 _aBiography of Dhirubhai Ambani
260 _aNew Delhi
999 _c12638
_d12638